Game theory and related approaches to social behavior : selections /

Guardado en:
Otros Autores: Shubik, Martin. (Editor )
Formato: Libro
Idioma:English
Publicado: New York : Wiley, c1964.
Etiquetas: Agregar Etiqueta
Sin Etiquetas, Sea el primero en etiquetar este registro!
LEADER 00471nam a22001455a 4500
001 MAT.inmabb001514
008 031124s1964####nyu###########000#0#eng#d
005 20160614124513.0
245 0 0 |a Game theory and related approaches to social behavior :  |b selections /  |c editor, Martin Shubik. 
260 |a New York :  |b Wiley,  |c c1964. 
300 |a xi, 390 p. ;  |c 22 cm. 
700 1 |a Shubik, Martin.  |4 edt 
084 |a 91  |2 msc2000 
010 |a  63020640  
859 |h 91  |i G192  |p A-1876  |b BIB. MATEMATICA